Complete the film title (Sigourney Weaver) - Statistics

General Stats
  • This quiz has been taken 31 times
  • The average score is 8 of 15
Answer Stats
Film Title % Correct
The Cabin in the {Woods}
88%
Gorillas in the {Mist}
83%
Working {Girl}
83%
Annie {Hall}
75%
Alien {Resurrection}
67%
Galaxy {Quest}
63%
The Year of Living {Dangerously}
58%
Vantage {Point}
58%
Death and the {Maiden}
42%
Be Kind {Rewind}
38%
The Ice {Storm}
29%
Ghostbusters: {Afterlife}
25%
A Monster {Calls}
21%
Baby {Mama}
17%
Exodus: Gods and {Kings}
17%
No matching quizzes found
Score Distribution
Percent of People with Each Score
Percentile by Number Answered
Your Score History
You have not taken this quiz